<?xml version="1.0" encoding="UTF-8"?>
<record
    xmlns:xsi="http://www.w3.org/2001/XMLSchema-instance"
    xsi:schemaLocation="http://www.loc.gov/MARC21/slim http://www.loc.gov/standards/marcxml/schema/MARC21slim.xsd"
    xmlns="http://www.loc.gov/MARC21/slim">

  <leader>01795nam a22002777a 4500</leader>
  <datafield tag="952" ind1=" " ind2=" ">
    <subfield code="0">0</subfield>
    <subfield code="1">0</subfield>
    <subfield code="2">lcc</subfield>
    <subfield code="4">0</subfield>
    <subfield code="7">0</subfield>
    <subfield code="a">04</subfield>
    <subfield code="b">04</subfield>
    <subfield code="d">2013-10-05</subfield>
    <subfield code="l">1</subfield>
    <subfield code="o">QA76.76 O63 S7218 2005</subfield>
    <subfield code="p">04 004290</subfield>
    <subfield code="r">2015-08-21</subfield>
    <subfield code="s">2015-08-21</subfield>
    <subfield code="t">1</subfield>
    <subfield code="w">2013-10-05</subfield>
    <subfield code="y">LB</subfield>
  </datafield>
  <datafield tag="952" ind1=" " ind2=" ">
    <subfield code="0">0</subfield>
    <subfield code="1">0</subfield>
    <subfield code="2">lcc</subfield>
    <subfield code="4">0</subfield>
    <subfield code="7">0</subfield>
    <subfield code="a">20</subfield>
    <subfield code="b">20</subfield>
    <subfield code="d">2019-06-06</subfield>
    <subfield code="l">0</subfield>
    <subfield code="o">QA76.76O63 S7318 2005</subfield>
    <subfield code="p">20 001349</subfield>
    <subfield code="r">2019-06-06</subfield>
    <subfield code="t">1</subfield>
    <subfield code="w">2019-06-06</subfield>
    <subfield code="y">LB</subfield>
  </datafield>
  <datafield tag="952" ind1=" " ind2=" ">
    <subfield code="0">0</subfield>
    <subfield code="1">0</subfield>
    <subfield code="2">lcc</subfield>
    <subfield code="4">0</subfield>
    <subfield code="7">0</subfield>
    <subfield code="a">12</subfield>
    <subfield code="b">12</subfield>
    <subfield code="d">2019-10-09</subfield>
    <subfield code="l">0</subfield>
    <subfield code="o">QA76.76O63 S7318 2005</subfield>
    <subfield code="p">12 004297</subfield>
    <subfield code="r">2019-10-09</subfield>
    <subfield code="t">1</subfield>
    <subfield code="w">2019-10-09</subfield>
    <subfield code="y">LB</subfield>
  </datafield>
  <datafield tag="999" ind1=" " ind2=" ">
    <subfield code="c">90951</subfield>
    <subfield code="d">90951</subfield>
  </datafield>
  <controlfield tag="008">131005s2005    mx a   | |||| 001 0 spa d</controlfield>
  <datafield tag="020" ind1=" " ind2=" ">
    <subfield code="a">8420544620</subfield>
  </datafield>
  <datafield tag="050" ind1=" " ind2="4">
    <subfield code="a">QA76.76O63</subfield>
    <subfield code="b">S7318 2005</subfield>
  </datafield>
  <datafield tag="100" ind1="1" ind2=" ">
    <subfield code="a">Stallings, William.</subfield>
    <subfield code="e">autor</subfield>
  </datafield>
  <datafield tag="245" ind1="1" ind2="0">
    <subfield code="a">Sistemas operativos</subfield>
    <subfield code="b"> : aspectos internos y principios de dise&#xF1;o</subfield>
    <subfield code="c"> / William Stallings; traducci&#xF3;n y revisi&#xF3;n t&#xE9;cnica Jos&#xE9; Mar&#xED;a Pe&#xF1;a S&#xE1;nchez, Fernando P&#xE9;rez Costoya [et. al].</subfield>
  </datafield>
  <datafield tag="250" ind1=" " ind2=" ">
    <subfield code="a">5a. edici&#xF3;n</subfield>
  </datafield>
  <datafield tag="260" ind1=" " ind2=" ">
    <subfield code="a">M&#xE9;xico</subfield>
    <subfield code="b"> : Pearson Educaci&#xF3;n</subfield>
    <subfield code="c"> , 2005</subfield>
  </datafield>
  <datafield tag="300" ind1=" " ind2=" ">
    <subfield code="a">xx, 848 p&#xE1;ginas</subfield>
    <subfield code="b">il., diagrs, tablas.</subfield>
  </datafield>
  <datafield tag="500" ind1=" " ind2=" ">
    <subfield code="a">PLAN FLEXIBLE
LIC. INFORM&#xC1;TICA / SISTEMAS OPERATIVOS P06 (L-3) / (04 004290)</subfield>
  </datafield>
  <datafield tag="500" ind1=" " ind2=" ">
    <subfield code="a">Incluye:
Dedicatoria
Tabla de contenido
Pr&#xF3;logo
Lecturas recomendadas al final de cada cap&#xED;tulo
Glosario
Acr&#xF3;nimos
&#xCD;ndice anal&#xED;tico</subfield>
  </datafield>
  <datafield tag="500" ind1=" " ind2=" ">
    <subfield code="a">Traducci&#xF3;n de Operating systems.</subfield>
  </datafield>
  <datafield tag="504" ind1=" " ind2=" ">
    <subfield code="a">Bibliograf&#xED;a (pp. 811-826)</subfield>
  </datafield>
  <datafield tag="505" ind1=" " ind2=" ">
    <subfield code="a">Antecedentes
Introducci&#xF3;n a los computadores
Introducci&#xF3;n a los sistemas operativos
Procesos
Descripci&#xF3;n y control de procesos
Hilos, SMP y micron&#xFA;cleos
Concurrencia. Exclusi&#xF3;n mutua y sincronizaci&#xF3;n
Concurrencia. Interbloqueo e inanici&#xF3;n
Gesti&#xF3;n de memoria
Memoria virtual
Planificaci&#xF3;n uniprocesador
Planificaci&#xF3;n multiprocesador y de tiempo real
Gesti&#xF3;n de ficheros
Sistemas distribuidos y seguridad
Redes
Procesamiento distribuido
Gesti&#xF3;n de procesos distribuidos
Seguridad</subfield>
  </datafield>
  <datafield tag="519" ind1=" " ind2=" ">
    <subfield code="a">Plan Flexible / </subfield>
    <subfield code="b">Tecnolog&#xED;as de la Informaci&#xF3;n / </subfield>
    <subfield code="c">Sistemas operativos (B15) / </subfield>
    <subfield code="d">(20 001349)</subfield>
  </datafield>
  <datafield tag="650" ind1=" " ind2="0">
    <subfield code="a">SISTEMAS OPERATIVOS (COMPUTADORAS)</subfield>
  </datafield>
  <datafield tag="650" ind1=" " ind2="0">
    <subfield code="a">ALGORITMOS COMPUTACIONALES</subfield>
  </datafield>
  <datafield tag="650" ind1=" " ind2="0">
    <subfield code="a">SISTEMAS OPERATIVOS DISTRIBUIDOS (COMPUTADORAS)</subfield>
  </datafield>
  <datafield tag="700" ind1="1" ind2=" ">
    <subfield code="a">Pe&#xF1;a S&#xE1;nchez, Jos&#xE9; Mar&#xED;a</subfield>
    <subfield code="e">tr.</subfield>
  </datafield>
  <datafield tag="700" ind1="1" ind2=" ">
    <subfield code="a">P&#xE9;rez Costoya, Fernando</subfield>
    <subfield code="e">tr.</subfield>
  </datafield>
  <datafield tag="942" ind1=" " ind2=" ">
    <subfield code="2">lcc</subfield>
    <subfield code="c">LB</subfield>
  </datafield>
</record>
